Generalitat de Catalunya : disposicions i resolucions dels departaments de govern, gener 1979 - maig 1980 disposicions i resolucions dels departaments de govern, gener 1979 - maig 1980
Publicado:
Barcelona :
Servei Central de Publicacions de la Generalitat de Catalunya. Departament de la Presidència ,
1981
Descripción Física:
978 p. ; 21 cm
MARC
| LEADER | 00000nam a2200000Ia 4500 | ||
|---|---|---|---|
| 001 | 20498 | ||
| 008 | 160829s1981 xx 000 0 cat d | ||
| 080 | |a D-4-8 | ||
| 100 | |a Catalunya. Lleis, etc. |9 35754 | ||
| 245 | |a Generalitat de Catalunya : |b disposicions i resolucions dels departaments de govern, gener 1979 - maig 1980 | ||
| 260 | |a Barcelona : |b Servei Central de Publicacions de la Generalitat de Catalunya. Departament de la Presidència, |c 1981 | ||
| 300 | |a 978 p. ; |c 21 cm | ||
| 650 | |a Dret |x Catalunya |x Legislació |9 45749 | ||
| 650 | |a Catalunya |x Dret i legislació |x 1979-1980 |9 45750 | ||
| 710 | |a Catalunya. |b Departament de la Presidència |9 10777 | ||
| 866 | |a 8 | ||
| 901 | |a Arxiu | ||
| 942 | |n 1 | ||
| 952 | |0 1 |1 0 |2 udc |4 0 |5 2 |6 D48 |7 1 |9 52791 |a Arxiu |b Arxiu |d 2016-12-01 |l 0 |o D-4-8 |p 20498 |r 2016-12-01 00:00:00 |w 2016-12-01 |y ARXIU | ||
| 999 | |c 56640 |d 56640 | ||